000 00516 a2200157 4500
999 _c2275
_d2275
020 _a0335213944
050 _aLB1028DUN2010
100 _aDunne,Mairead
_eauthors
245 _aBecoming a researcher :
_ba companion to the research process /
_cMairead Dunne,John Pryor and Paul Yates
264 _aMaidenhead :
_b Open University Press,
_c2010
300 _a197p. :
_bill.
500 _aIncludes index
650 _aeducational research.
650 _aSOCIAL SCIENCE -- Methodology.
942 _2lcc
_cBK
_h1028
_iDUN
_kLB